000 00259nam a22001217a 4500
008 180227b xxu||||| |||| 00| 0 eng d
041 _aeng
080 _a338
100 _a53
101 _aMAN
245 _aSTRATEGIC MANAGEMENT
_cHITT.M.A
942 _2udc
_cBK
999 _c43637
_d43637